Housing Bill (Record no. 102921)

MARC details
000 -LEADER
fixed length control field 01405cam a2200265 4500
008 - FIXED-LENGTH DATA ELEMENTS--GENERAL INFORMATION
fixed length control field 000000n2003 000 0 eng u
020 ## - INTERNATIONAL STANDARD BOOK NUMBER
International Standard Book Number 0101579322
035 ## - SYSTEM CONTROL NUMBER
System control number (Sirsi) u122756
041 ## - LANGUAGE CODE
Language code of text/sound track or separate title eng
050 ## - LIBRARY OF CONGRESS CALL NUMBER
Classification number 306.026
-- 18
110 ## - MAIN ENTRY--CORPORATE NAME
Corporate name or jurisdiction name as entry element United Kingdom
Subordinate unit Office of the Deputy Prime Minister
245 ## - TITLE STATEMENT
Title Housing Bill
Remainder of title consultation on draft legislation
260 ## - PUBLICATION, DISTRIBUTION, ETC.
Place of publication, distribution, etc. London
Name of publisher, distributor, etc. ODPM
Date of publication, distribution, etc. 2003
490 ## - SERIES STATEMENT
Series statement Cm
Volume/sequential designation 5793
520 ## - SUMMARY, ETC.
Summary, etc. Consultation of the draft Housing Bill, as published at 31 March 2003. The Bill aims to replace the housing fitness standard with the Housing Health and Safety Rating System (HHSRS) to enable enforcement against unacceptable housing conditions; to introduce a mandatory licensing system for HMOs; to give local authorities the power to licence landlords in areas where efforts to create sustainable communities are being frustrated; to introduce home information packs; and to modernise the right to buy scheme. Includes the full text of the Bill. View at www.housing.odpm.gov.uk.
650 ## - SUBJECT ADDED ENTRY--TOPICAL TERM
Topical term or geographic name entry element HOME INFORMATION PACKS
650 ## - SUBJECT ADDED ENTRY--TOPICAL TERM
Topical term or geographic name entry element HOUSING BILL 2003
650 ## - SUBJECT ADDED ENTRY--TOPICAL TERM
Topical term or geographic name entry element HOUSING HEALTH AND SAFETY RATING SYSTEM
650 ## - SUBJECT ADDED ENTRY--TOPICAL TERM
Topical term or geographic name entry element RIGHT TO BUY
650 ## - SUBJECT ADDED ENTRY--TOPICAL TERM
Topical term or geographic name entry element LICENSING OF LANDLORDS
650 ## - SUBJECT ADDED ENTRY--TOPICAL TERM
Topical term or geographic name entry element HOUSES IN MULTIPLE OCCUPATION
690 ## - LOCAL SUBJECT ADDED ENTRY--TOPICAL TERM (OCLC, RLIN)
Topical term or geographic name as entry element HOUSING
856 ## - ELECTRONIC LOCATION AND ACCESS
Uniform Resource Identifier <a href="https://www.communities.gov.uk/index.asp?id=1150639">https://www.communities.gov.uk/index.asp?id=1150639</a>
Public note View the consultation on the ODPM website...
942 ## - ADDED ENTRY ELEMENTS (KOHA)
Suppress in OPAC 0
Holdings
Withdrawn status Lost status Source of classification or shelving scheme Damaged status Not for loan Home library Current library Shelving location Date acquired Total Checkouts Full call number Barcode Date last seen Copy number Price effective from Koha item type
    Dewey Decimal Classification     Virtual Virtual Online 26/06/2003   ONLINE PUBLICATION 122756-1001 06/08/2019 1 06/08/2019 Book